Image Word Wheel Quiz Stats

Quiz Updated Mar 28, 2016

Also try: The World Ladder
Challenge
Share
Tweet
Score 0/14 Timer 02:00
15 Plays Today
% Correct
BEAR
99.2%
BOAT
98.6%
FOOT
98.2%
ROAD
98%
ROAR
97.5%
HEAR
97.3%
COAT
96.7%
% Correct
BOAR
94.3%
HEAD
91.5%
BEAD
90.7%
FOOD
90.5%
REAR
85.3%
COOT
78.4%
ROOD
73.9%

You're not logged in!

Compare scores with friends on all Sporcle quizzes.
Sign Up with Email
OR
Log In

You Might Also Like...

Show Comments

Extras

Top Quizzes Today


Score Distribution

Your Account Isn't Verified!

In order to create a playlist on Sporcle, you need to verify the email address you used during registration. Go to your Sporcle Settings to finish the process.